<?xml version="1.0" encoding="UTF-8"?>
<record
    xmlns:xsi="http://www.w3.org/2001/XMLSchema-instance"
    xsi:schemaLocation="http://www.loc.gov/MARC21/slim http://www.loc.gov/standards/marcxml/schema/MARC21slim.xsd"
    xmlns="http://www.loc.gov/MARC21/slim">

  <leader>00817nam a22001817a 4500</leader>
  <controlfield tag="005">20120402125511.0</controlfield>
  <datafield tag="020" ind1=" " ind2=" ">
    <subfield code="c">195.00</subfield>
    <subfield code="a">817137459x</subfield>
  </datafield>
  <datafield tag="035" ind1=" " ind2=" ">
    <subfield code="a">B-155774</subfield>
  </datafield>
  <datafield tag="037" ind1=" " ind2=" ">
    <subfield code="b"> </subfield>
    <subfield code="a">dpl</subfield>
  </datafield>
  <datafield tag="082" ind1=" " ind2=" ">
    <subfield code="a">330</subfield>
  </datafield>
  <datafield tag="100" ind1=" " ind2=" ">
    <subfield code="a">&#x936;&#x930;&#x94D;&#x92E;&#x93E;, &#x938;&#x941;&#x930;&#x947;&#x936; &#x915;&#x941;&#x92E;&#x93E;&#x930;</subfield>
    <subfield code="9">44623</subfield>
  </datafield>
  <datafield tag="245" ind1="1" ind2=" ">
    <subfield code="a">&#x935;&#x94D;&#x92F;&#x93E;&#x935;&#x938;&#x93E;&#x92F;&#x93F;&#x915; &#x905;&#x930;&#x94D;&#x925;&#x936;&#x93E;&#x938;&#x94D;&#x924;&#x94D;&#x930;   /</subfield>
    <subfield code="c">&#x938;&#x941;&#x930;&#x947;&#x936; &#x915;&#x941;&#x92E;&#x93E;&#x930; &#x936;&#x930;&#x94D;&#x92E;&#x93E;</subfield>
  </datafield>
  <datafield tag="260" ind1=" " ind2=" ">
    <subfield code="a">&#x91C;&#x92F;&#x92A;&#x941;&#x930;</subfield>
    <subfield code="b">&#x930;&#x93E;&#x91C;&#x938;&#x94D;&#x925;&#x93E;&#x928; &#x939;&#x93F;&#x928;&#x94D;&#x926;&#x940; &#x917;&#x94D;&#x930;&#x928;&#x94D;&#x925; &#x905;&#x915;&#x93E;&#x926;&#x92E;&#x940;</subfield>
    <subfield code="c">2004</subfield>
  </datafield>
  <datafield tag="270" ind1=" " ind2=" ">
    <subfield code="a"> </subfield>
    <subfield code="b"> </subfield>
    <subfield code="e"> </subfield>
    <subfield code="k"> </subfield>
  </datafield>
  <datafield tag="300" ind1=" " ind2=" ">
    <subfield code="a">624&#x92A;&#x943;.</subfield>
    <subfield code="c">22&#x938;&#x947;&#x92E;&#x940; (&#x905;&#x91C;&#x93F;&#x932;&#x94D;&#x926;)</subfield>
  </datafield>
  <datafield tag="942" ind1=" " ind2=" ">
    <subfield code="a">dpl</subfield>
    <subfield code="c">HN</subfield>
    <subfield code="k"> </subfield>
    <subfield code="2">ddc</subfield>
    <subfield code="h">330</subfield>
    <subfield code="m">&#x936;&#x930;&#x94D;&#x92E;&#x93E;&#x938;&#x941;</subfield>
  </datafield>
  <datafield tag="999" ind1=" " ind2=" ">
    <subfield code="c">64580</subfield>
    <subfield code="d">64580</subfield>
  </datafield>
  <datafield tag="952" ind1=" " ind2=" ">
    <subfield code="0">0</subfield>
    <subfield code="1">0</subfield>
    <subfield code="4">0</subfield>
    <subfield code="7">0</subfield>
    <subfield code="8">NFIC</subfield>
    <subfield code="a">ZLS</subfield>
    <subfield code="b">ZLS</subfield>
    <subfield code="d">2012-04-02</subfield>
    <subfield code="g">195.00</subfield>
    <subfield code="l">0</subfield>
    <subfield code="o">330 &#x936;&#x930;&#x94D;&#x92E;&#x93E;&#x938;&#x941;</subfield>
    <subfield code="p">B-155774</subfield>
    <subfield code="r">2012-04-02 00:00:00</subfield>
    <subfield code="v">195.00</subfield>
    <subfield code="w">2012-04-02</subfield>
    <subfield code="y">HN</subfield>
    <subfield code="z">Withdrawn List Prepared List No.34/06</subfield>
  </datafield>
</record>
